Geology and mineral resources of the Solomon and Casadepaga quadrangles, Seward Peninsula, Alaska, (Record no. 24960)

MARC details
000 -LEADER
fixed length control field 01076cam a22002891 4500
001 - CONTROL NUMBER
control field gs 10000551
003 - CONTROL NUMBER IDENTIFIER
control field DLC
005 - DATE AND TIME OF LATEST TRANSACTION
control field 20260227111310.0
008 - FIXED-LENGTH DATA ELEMENTS--GENERAL INFORMATION
fixed length control field 870919s1910 dcuafb f000 0 eng
010 ## - LIBRARY OF CONGRESS CONTROL NUMBER
LC control number gs 10000551
035 ## - SYSTEM CONTROL NUMBER
System control number (OCoLC)16720267
040 ## - CATALOGING SOURCE
Original cataloging agency DLC
Transcribing agency OrPS
Modifying agency DLC
043 ## - GEOGRAPHIC AREA CODE
Geographic area code n-us-ak
050 00 - LIBRARY OF CONGRESS CALL NUMBER
Classification number QE75
Item number .B9 no. 433
051 ## - LIBRARY OF CONGRESS COPY, ISSUE, OFFPRINT STATEMENT
Classification number QE84.S7
Item number S6
100 1# - MAIN ENTRY--PERSONAL NAME
Personal name Smith, Philip S.
Fuller form of name (Philip Sidney),
Dates associated with a name 1877-1949.
245 00 - TITLE STATEMENT
Title Geology and mineral resources of the Solomon and Casadepaga quadrangles, Seward Peninsula, Alaska,
Statement of responsibility, etc. by Philip S. Smith.
260 ## - PUBLICATION, DISTRIBUTION, ETC.
Place of publication, distribution, etc. Washington,
Name of publisher, distributor, etc. Govt. Print. Off.,
Date of publication, distribution, etc. 1910.
300 ## - PHYSICAL DESCRIPTION
Extent 234 p.
Other physical details illus., xvi pl. (incl. fold. maps) diagrs.
Dimensions 24 cm.
490 1# - SERIES STATEMENT
Series statement United States. Geological Survey. Bulletin
Volume/sequential designation 433
500 ## - GENERAL NOTE
General note Four maps in pocket.
500 ## - GENERAL NOTE
General note Preface by Alfred H. Brooks.
500 ## - GENERAL NOTE
General note Issued also as House doc. no. 993, 61st Cong., 2d sess.
650 #0 - SUBJECT ADDED ENTRY--TOPICAL TERM
Topical term or geographic name entry element Geology
Geographic subdivision Alaska
-- Seward Peninsula.
650 #0 - SUBJECT ADDED ENTRY--TOPICAL TERM
Topical term or geographic name entry element Mines and mineral resources
Geographic subdivision Alaska
-- Seward Peninsula.
830 #0 - SERIES ADDED ENTRY--UNIFORM TITLE
Uniform title Geological Survey bulletin ;
Volume/sequential designation 433.

No items available.

Powered by Koha